[Event "SportAccord Basque Men 2013"]
[Site "Beijing CHN"]
[Date "2013.12.17"]
[Round "2.1"]
[White "Radjabov,T"]
[Black "Mamedyarov,S"]
[Result "1/2-1/2"]
[WhiteElo "2713"]
[BlackElo "2757"]

1.d4 d5 2.c4 c6 3.cxd5 cxd5 4.Bf4 Nc6 5.Nc3 Bf5 6.e3 e6 7.Bd3 Bxd3 8.Qxd3 Bd6
9.Bxd6 Qxd6 10.Nf3 Nf6 11.O-O O-O 12.Rac1 a6 13.Na4 Nd7 14.Nc5 Nxc5 15.Rxc5 Rfc8
16.Rfc1 Ne7 17.Rxc8+ Rxc8 18.Rxc8+ Nxc8 19.Qc3 Ne7 20.Ne5 f6 21.Nd3 b6 22.a4 a5
23.b4 axb4 24.Nxb4 Kf7 25.h3 Qd7 26.Qc2 Qd6 27.Qc3 Qd7 28.Qc2 Qd6 29.Qc3 Qd7  1/2-1/2

[Event "SportAccord Basque Men 2013"]
[Site "Beijing CHN"]
[Date "2013.12.17"]
[Round "3.2"]
[White "Mamedyarov,S"]
[Black "Nepomniachtchi,I"]
[Result "0-1"]
[WhiteElo "2757"]
[BlackElo "2721"]

1.d4 Nf6 2.c4 g6 3.Nc3 d5 4.Nf3 Bg7 5.h4 O-O 6.cxd5 Nxd5 7.h5 c5 8.hxg6 hxg6
9.Bh6 Bxh6 10.Rxh6 Nxc3 11.bxc3 cxd4 12.Qd2 Kg7 13.cxd4 Nc6 14.d5 Qa5 15.Rh4 Rd8
16.Rd4 Qxd2+ 17.Rxd2 Na5 18.e4 Bd7 19.Rc1 e6 20.Ne5 Rac8 21.Rxc8 Bxc8 22.dxe6 Re8
23.Nxf7 Bxe6 24.Nd6 Rf8 25.Ke2 g5 26.Ke3 Kf6 27.f3 a6 28.g3 Rg8 29.Be2 b5
30.a3 Rh8 31.Rc2 Rh3 32.Bf1 Rh1 33.Kf2 Ke5 34.Nf5 Rh2+ 35.Bg2 Nc4 36.Ne3 Bh3
37.Kg1 Nxe3 38.Rc5+ Kd4 39.Kxh2 Bxg2 40.Rxg5 Bxf3 41.Rg6 a5 42.Rg5 Ng4+ 43.Kg1 Ne5
44.Kf2 Bxe4 45.Ke2 b4 46.axb4 axb4 47.Rg8 Bd3+ 48.Kd1 b3 49.Rb8 Kc3 50.g4 b2  0-1

[Event "SportAccord Basque Men 2013"]
[Site "Beijing CHN"]
[Date "2013.12.17"]
[Round "3.1"]
[White "Nepomniachtchi,I"]
[Black "Mamedyarov,S"]
[Result "0-1"]
[WhiteElo "2721"]
[BlackElo "2757"]

1.e4 e5 2.Nf3 Nc6 3.Bb5 a6 4.Ba4 d6 5.O-O Bd7 6.c4 g6 7.d4 exd4 8.Bxc6 Bxc6
9.Qxd4 Qf6 10.e5 dxe5 11.Nxe5 Bg7 12.Re1 Ne7 13.Nxc6 bxc6 14.Qe4 O-O-O 15.Nc3 Rhe8
16.h3 h5 17.Qe2 c5 18.Bd2 Qc6 19.Rad1 Nf5 20.Qf1 Rxe1 21.Qxe1 Bxc3 22.Bxc3 Rxd1
23.Qxd1 Qe4 24.Bf6 Nd4 25.b3 Qf4 26.Bg7 Qe4 27.Bh6 Kb7 28.Kf1 f6 29.Be3 f5
30.Bg5 f4 31.f3 Qe5 32.Bh4 g5 33.Bf2 a5 34.h4 gxh4 35.Bxh4 Nf5 36.Bf2 Kc6
37.Kg1 Nd4 38.Kf1 Kb6 39.Qd3 Nc6 40.Kg1 Qa1+ 41.Kh2 Qe5 42.a3 Qd6 43.Qe4 Qd2
44.Bg1 Qd6 45.Kh3 Qd1 46.Kh2 Qd6 47.Qf5 Nd4 48.Qc8 c6 49.b4 axb4 50.axb4 cxb4
51.c5+ Kxc5 52.Qa6 Kd5 53.Qd3 c5 54.Bxd4 cxd4 55.Qf5+ Kc4 56.Qc2+ Kb5 57.Qd3+ Kc5
58.Qf5+ Kb6 59.Qd3 Qd5 60.Qd2 b3 61.Qb4+ Kc6 62.Qb8 Qb5 63.Qe8+ Kc5 64.Qe5+ Kc4
65.Qe6+ Kb4 66.Qe1+ Kc4 67.Qe6+ Kc3 68.Qe1+ Kc2 69.Qf2+ Kb1 70.Qxd4 b2 71.Qe4+ Ka2
72.Qe6+ Ka1 73.Qf6 Qd3 74.Qe5 Ka2 75.Qe6+ Ka3 76.Qe7+ Kb3 77.Qe6+  0-1

[Event "SportAccord Basque Men 2013"]
[Site "Beijing CHN"]
[Date "2013.12.18"]
[Round "4.2"]
[White "Dominguez Perez,L"]
[Black "Mamedyarov,S"]
[Result "1/2-1/2"]
[WhiteElo "2754"]
[BlackElo "2757"]

1.e4 c6 2.Nc3 d5 3.Nf3 Bg4 4.h3 Bxf3 5.Qxf3 e6 6.d4 dxe4 7.Qxe4 Nf6 8.Qd3 Na6
9.a3 Qa5 10.Rb1 Nc7 11.Be2 O-O-O 12.b4 Qf5 13.O-O a6 14.Qxf5 exf5 15.Bd3 g6
16.Ne2 Bg7 17.Rd1 Rhe8 18.Kf1 b5 19.a4 Ne4 20.axb5 axb5 21.c4 Nd6 22.cxb5 Ndxb5
23.Bc4 Rd7 24.Be3 Red8 25.Rb3 Kb7 26.Rbd3 Nd5 27.Bg5 Re8 28.Rb3 h6 29.Bc1 Ra8
30.Be3 Ra4 31.Rdb1 Bf8 32.Bxd5 Rxd5 33.Nc3 Nxc3 34.Rxc3 Rb5 35.Rbc1 Ra6 36.Rc4 g5
37.Bd2 Rab6 38.Rb1 Kc7 39.Ke2 Bd6 40.Kd3 Ra6 41.Rbc1 Kd7 42.R1c2 Rab6 43.Rb2 Ke6
44.Ra2 Bxb4 45.Bxb4 Rxb4 46.Rxb4 Rxb4 47.Ra8 Rb2 48.Ke3 f4+ 49.Kf3 Rd2 50.Rh8 Rxd4
51.Rxh6+ f6 52.h4 gxh4 53.Rxh4 Ke5 54.Rh5+ f5 55.Rh8 c5 56.Re8+ Kd5 57.Rf8 Ke6
58.Re8+ Kf6 59.Rf8+ Kg6 60.Rg8+ Kf7 61.Rc8 c4 62.Rc6 Ke7 63.Ke2 Kd7 64.Rc5 Ke6
65.Kf3 Kd6 66.Rc8 Kd5 67.Rc7 Ke5 68.Rc5+ Ke6 69.Rc8 Kd5 70.Rc7 Re4 71.Rd7+ Kc5
72.Rf7 c3 73.Rxf5+ Kd4 74.Rf8 Kd3 75.Rd8+ Rd4 76.Rxd4+ Kxd4 77.Ke2 Kc4 78.Kd1 Kd3
79.g4 fxg3 80.fxg3 Ke3 81.Kc2 Kf3 82.Kxc3 Kxg3  1/2-1/2

[Event "SportAccord Basque Men 2013"]
[Site "Beijing CHN"]
[Date "2013.12.18"]
[Round "4.1"]
[White "Mamedyarov,S"]
[Black "Dominguez Perez,L"]
[Result "1-0"]
[WhiteElo "2757"]
[BlackElo "2754"]

1.d4 Nf6 2.c4 e6 3.Nc3 d5 4.Bg5 Be7 5.Nf3 Nbd7 6.Qc2 O-O 7.cxd5 exd5 8.e3 c6
9.Bd3 Re8 10.O-O-O Nf8 11.Ne5 N6d7 12.h4 Nxe5 13.dxe5 Qa5 14.Kb1 Bb4 15.Bf4 Bxc3
16.bxc3 c5 17.h5 Re6 18.Ka1 Rb6 19.c4 dxc4 20.Bxc4 Be6 21.h6 g6 22.Rd6 Rb4
23.Bxe6 Nxe6 24.Rhd1 Qa4 25.Qxa4 Rxa4 26.Bg5 c4 27.Rxe6 fxe6 28.Rd7 c3 29.Rg7+ Kf8
30.Rxh7 c2 31.Rc7 c1=Q+ 32.Rxc1 Rg4 33.Bf6  1-0

[Event "SportAccord Basque Men 2013"]
[Site "Beijing CHN"]
[Date "2013.12.18"]
[Round "5.1"]
[White "Aronian,L"]
[Black "Mamedyarov,S"]
[Result "0-1"]
[WhiteElo "2803"]
[BlackElo "2757"]

1.d4 d5 2.c4 c6 3.Nf3 Nf6 4.Nc3 e6 5.Bg5 Nbd7 6.e3 Qa5 7.Nd2 Bb4 8.Rc1 Bxc3
9.bxc3 O-O 10.Be2 b6 11.Bf4 Re8 12.a4 c5 13.O-O cxd4 14.exd4 e5 15.dxe5 Nxe5
16.cxd5 Qxd5 17.c4 Qd4 18.Be3 Qh4 19.c5 Bb7 20.Nc4 bxc5 21.Nd6 Red8 22.Rxc5 Rxd6
23.Qb3 Bd5 24.Qc3 Re8 25.Rc8 Re6 26.Rd1 Neg4  0-1

[Event "SportAccord Basque Men 2013"]
[Site "Beijing CHN"]
[Date "2013.12.18"]
[Round "5.2"]
[White "Mamedyarov,S"]
[Black "Aronian,L"]
[Result "1-0"]
[WhiteElo "2757"]
[BlackElo "2803"]

1.d4 Nf6 2.c4 e6 3.Nc3 Bb4 4.Qc2 O-O 5.Nf3 d5 6.cxd5 exd5 7.Bg5 h6 8.Bh4 c5
9.e3 c4 10.Ne5 Nc6 11.Be2 g5 12.Bg3 Ne4 13.f3 Bxc3+ 14.bxc3 Nxg3 15.hxg3 Kg7
16.Kf2 Ne7 17.g4 Rh8 18.f4 f6 19.Nf3 gxf4 20.exf4 Bxg4 21.Nh4 Be6 22.Rae1 Qd6
23.Bh5 Bd7 24.Rxe7+ Qxe7 25.Re1 Qxe1+ 26.Kxe1 Be8 27.Nf5+ Kf8 28.Qe2 Rh7
29.Kf2 a5 30.Qf3 Rd7 31.Bxe8 Rxe8 32.Qh5 Re4 33.Qxh6+ Kf7 34.Kf3 Ke6 35.Qh3 Re1
36.Ne3+  1-0

[Event "Vugar Gashimov Mem 2014"]
[Site "Shamkir AZE"]
[Date "2014.04.20"]
[Round "1.1"]
[White "Carlsen,M"]
[Black "Mamedyarov,S"]
[Result "1-0"]
[WhiteElo "2881"]
[BlackElo "2760"]

1.d4 d5 2.c4 c6 3.Nf3 Nf6 4.Nc3 e6 5.Bg5 Nbd7 6.e3 Qa5 7.cxd5 Nxd5 8.Rc1 Nxc3
9.bxc3 Ba3 10.Rc2 b6 11.Be2 Ba6 12.O-O Bxe2 13.Qxe2 O-O 14.e4 Rac8 15.e5 Qa4
16.c4 Rfe8 17.Rd1 c5 18.d5 exd5 19.Rxd5 Nf8 20.h4 h6 21.Be3 Ng6 22.Qd3 Re6
23.h5 Ne7 24.Rd6 Bb4 25.Rc1 Re8 26.Rxe6 fxe6 27.Nh4 Qc6 28.a3 Ba5 29.Rd1 Qc7
30.Ng6 Nxg6 31.Qxg6 Qf7 32.Rd3 a6 33.a4 Rf8 34.g4 Qe8 35.Rd6 Qxa4 36.Qxe6+ Kh8
37.Bxh6 Qa1+ 38.Kg2 Rxf2+ 39.Kxf2 Qe1+ 40.Kg2 Qe4+ 41.Kh3 Qh1+ 42.Kg3 Qe1+
43.Kf4 Bd2+ 44.Rxd2 Qxd2+ 45.Kf5 gxh6 46.Qe8+ Kg7 47.Qe7+  1-0

[Event "Vugar Gashimov Mem 2014"]
[Site "Shamkir AZE"]
[Date "2014.04.21"]
[Round "2.3"]
[White "Mamedyarov,S"]
[Black "Radjabov,T"]
[Result "1/2-1/2"]
[WhiteElo "2760"]
[BlackElo "2713"]

1.d4 d5 2.c4 c6 3.Nc3 Nf6 4.e3 e6 5.Nf3 Nbd7 6.Bd3 dxc4 7.Bxc4 b5 8.Bd3 b4
9.Ne4 Nxe4 10.Bxe4 Bb7 11.a3 bxa3 12.O-O Bd6 13.Nd2 axb2 14.Bxb2 O-O 15.Ba3 Bxa3
16.Rxa3 Qc7 17.Qc2 h6 18.Nb3 c5 19.Bxb7 Qxb7 20.Nxc5 Nxc5 21.dxc5 Rfc8 22.Rc1 a5
23.c6 Qb5 24.c7 a4 25.h3 Qa5 26.Rd3 a3 27.Rd7 a2 28.Ra1 Ra7 29.Rxa2 Raxc7
30.Rxa5 Rxc2 31.Raa7 Rf8 32.Rdc7 Rxc7 33.Rxc7 g6 34.h4 Kg7 35.g3 h5 36.Kg2 Kf6
37.Kf3 Kg7 38.Kg2 Kf6 39.Kf3 Kg7 40.Kg2 Kf6  1/2-1/2

[Event "Vugar Gashimov Mem 2014"]
[Site "Shamkir AZE"]
[Date "2014.04.23"]
[Round "4.3"]
[White "Karjakin,Sergey"]
[Black "Mamedyarov,S"]
[Result "1/2-1/2"]
[WhiteElo "2772"]
[BlackElo "2760"]

1.e4 c6 2.d4 d5 3.e5 Bf5 4.Nf3 e6 5.Be2 c5 6.c3 Nc6 7.O-O cxd4 8.Nxd4 Nxd4
9.cxd4 Ne7 10.Nc3 Nc6 11.g4 Bg6 12.f4 f5 13.exf6 Qxf6 14.f5 exf5 15.Be3 Bd6
16.Nxd5 Qh4 17.Bf4 Rd8 18.Bxd6 Rxd6 19.Nc7+ Kd8 20.Nb5 fxg4 21.Nxd6 g3 22.hxg3 Qxg3+
23.Kh1 Qh3+ 24.Kg1 Qg3+ 25.Kh1 Qh3+ 26.Kg1 Qg3+  1/2-1/2

[Event "Vugar Gashimov Mem 2014"]
[Site "Shamkir AZE"]
[Date "2014.04.26"]
[Round "6.2"]
[White "Mamedyarov,S"]
[Black "Carlsen,M"]
[Result "0-1"]
[WhiteElo "2760"]
[BlackElo "2881"]

1.d4 Nf6 2.c4 e6 3.Nc3 Bb4 4.Qc2 d5 5.Nf3 dxc4 6.Bg5 b5 7.a4 c6 8.g3 Bb7
9.Bg2 Nbd7 10.O-O Qb6 11.e4 a6 12.Rfd1 h6 13.Be3 O-O 14.d5 c5 15.a5 Qd8 16.dxe6 fxe6
17.Nh4 Bxc3 18.bxc3 Qe8 19.f4 Rd8 20.h3 Rf7 21.Rd6 e5 22.f5 Nf8 23.Bxc5 Rxd6
24.Bxd6 Rd7 25.Bxf8 Qxf8 26.Rd1 Qc5+ 27.Kh2 Bxe4  0-1

[Event "Vugar Gashimov Mem 2014"]
[Site "Shamkir AZE"]
[Date "2014.04.27"]
[Round "7.1"]
[White "Radjabov,T"]
[Black "Mamedyarov,S"]
[Result "1/2-1/2"]
[WhiteElo "2713"]
[BlackElo "2760"]

1.Nf3 Nf6 2.c4 e6 3.g3 d5 4.Bg2 dxc4 5.Qa4+ Nbd7 6.Qxc4 a6 7.Qc2 c5 8.Nc3 Qc7
9.O-O b6 10.d4 Bb7 11.Bf4 Bd6 12.Bxd6 Qxd6 13.Rfd1 O-O 14.e4 Qe7 15.Qe2 b5
16.e5 Nd5 17.Nxd5 Bxd5 18.dxc5 Nxc5 19.Rac1 Rac8 20.Qe3 Qb7 21.Rxc5 Rxc5
22.Qxc5 Bxf3 23.Bxf3 Qxf3 24.Rd6 Qe4 25.Rxa6 Qb1+ 26.Kg2 Qe4+ 27.Kg1 Qb1+
28.Kg2 Qe4+ 29.Kg1 Qb1+  1/2-1/2

[Event "Vugar Gashimov Mem 2014"]
[Site "Shamkir AZE"]
[Date "2014.04.30"]
[Round "10.3"]
[White "Mamedyarov,S"]
[Black "Karjakin,Sergey"]
[Result "1/2-1/2"]
[WhiteElo "2760"]
[BlackElo "2772"]

1.Nf3 Nf6 2.c4 b6 3.g3 c5 4.Bg2 Bb7 5.O-O g6 6.d4 cxd4 7.Qxd4 Bg7 8.Nc3 d6
9.Rd1 Nbd7 10.Be3 Rc8 11.Rac1 O-O 12.Qh4 a6 13.b3 Re8 14.Bh3 Ba8 15.g4 b5
16.cxb5 Qa5 17.Bd2 Bxf3 18.g5 Nd5 19.Bxd7 Rxc3 20.Bxc3 Nxc3 21.Rxc3 Qxc3
22.Bxe8 Bxe2 23.Qf4 Bxd1 24.Qxf7+ Kh8 25.Bc6 Bxb3 26.axb3 Qc1+ 27.Kg2 Qxg5+
28.Kh1 Qc1+ 29.Kg2 Qg5+ 30.Kf1 Qc1+ 31.Ke2 Qc2+ 32.Kf3 Qd1+ 33.Kg2 Qg4+ 34.Kh1 Qd1+
35.Kg2 Qg4+ 36.Kh1 Qd1+ 37.Kg2  1/2-1/2

[Event "FIDE World Rapid 2014"]
[Site "Dubai UAE"]
[Date "2014.06.16"]
[Round "1.5"]
[White "Mchedlishvili,M"]
[Black "Mamedyarov,S"]
[Result "0-1"]
[WhiteElo "2632"]
[BlackElo "2743"]

1.Nf3 g6 2.d4 Bg7 3.e4 d6 4.Bc4 c6 5.O-O d5 6.Bb3 Bg4 7.Nbd2 e6 8.h3 Bxf3
9.Nxf3 dxe4 10.Ng5 Qxd4 11.Qxd4 Bxd4 12.Nxe4 Be5 13.Nc5 b6 14.Re1 bxc5 15.Rxe5 Nd7
16.Re4 Ngf6 17.Ra4 Nb6 18.Ra5 c4 19.Ba4 Kd7 20.b3 c3 21.Be3 Nfd5 22.Rd1 Kc7
23.Bd4 Rhd8 24.Rd3 Kb7 25.Bxc3 Nf4 26.Rf3 Ne2+ 27.Kh2 Nxc3 28.Rxc3 Rac8 29.Rf3 Rc7
30.c4 Rd2 31.c5 Nd5 32.a3 e5 33.b4 e4 34.Rb3 a6 35.Kg1 Rd1+ 36.Kh2 Rd2 37.Kg1 f5
38.Rb1 e3 39.fxe3 Nxe3 40.Kh1 Rxg2 41.Bd1 Rf2 42.Bb3 Rd7  0-1

[Event "FIDE World Rapid 2014"]
[Site "Dubai UAE"]
[Date "2014.06.16"]
[Round "3.1"]
[White "Jobava,Ba"]
[Black "Mamedyarov,S"]
[Result "1-0"]
[WhiteElo "2713"]
[BlackElo "2743"]

1.d4 Nf6 2.Nc3 d5 3.Bf4 Bf5 4.f3 e6 5.g4 Bg6 6.h4 h6 7.e3 c5 8.h5 Bh7 9.Nb5 Na6
10.c3 Be7 11.Bd3 Bxd3 12.Qxd3 Nd7 13.Ne2 O-O 14.a4 Bf6 15.Bd6 Re8 16.f4 Nb6
17.g5 hxg5 18.h6 g6 19.fxg5 Bxg5 20.h7+ Kg7 21.Be5+ f6 22.Nd6 Rh8 23.Nf4 Bxf4
24.Bxf4 g5 25.O-O-O Nc4 26.Rh6 Kxh6 27.Nf7+ Kg7 28.Nxd8 Raxd8 29.b3 Nb6 30.Rg1 Rxh7
31.e4 Kh8 32.e5 gxf4 33.Qg6 Rf8 34.exf6  1-0

[Event "FIDE World Rapid 2014"]
[Site "Dubai UAE"]
[Date "2014.06.16"]
[Round "4.10"]
[White "Mamedyarov,S"]
[Black "Lenic,L"]
[Result "1/2-1/2"]
[WhiteElo "2743"]
[BlackElo "2659"]

1.d4 Nf6 2.c4 e6 3.Nc3 Bb4 4.Qc2 d5 5.Nf3 dxc4 6.Bg5 h6 7.Bh4 b5 8.a4 c6
9.Bxf6 gxf6 10.g3 Bb7 11.Bg2 Nd7 12.O-O a6 13.b3 cxb3 14.Qxb3 Be7 15.Rfd1 O-O
16.Ne1 Qb6 17.Nd3 Rab8 18.Nf4 Rfd8 19.Nxe6 fxe6 20.Qxe6+ Kf8 21.a5 Qc7 22.Bf3 Qd6
23.Qf5 c5 24.Bh5 cxd4 25.Qh7 Qe6 26.Qxh6+ Kg8 27.Qg6+ Kf8 28.Qh6+ Kg8 29.Rxd4 Ne5
30.Bg6 Rxd4 31.Qh7+ Kf8 32.Qh6+ Kg8 33.Qh7+ Kf8 34.Qh6+ Kg8  1/2-1/2

[Event "FIDE World Rapid 2014"]
[Site "Dubai UAE"]
[Date "2014.06.16"]
[Round "5.13"]
[White "Efimenko,Z"]
[Black "Mamedyarov,S"]
[Result "1-0"]
[WhiteElo "2648"]
[BlackElo "2743"]

1.e4 c6 2.d4 d5 3.e5 Bf5 4.h4 c5 5.g4 Bd7 6.c3 Nc6 7.Na3 cxd4 8.cxd4 Qb6
9.Nc2 Rc8 10.Bg2 Nh6 11.Bf3 Na5 12.Ne3 e6 13.Ne2 Bb4+ 14.Kf1 O-O 15.Ng2 f5
16.Bxh6 fxg4 17.Bxg4 gxh6 18.Ngf4 Kh8 19.b3 Rf7 20.Bh5 Rf5 21.Bg4 Rf7 22.Bh5 Rxf4
23.Nxf4 Rf8 24.Qc1 Bb5+ 25.Be2 Be8 26.Qe3 Nc6 27.Nxe6 Rg8 28.Rg1  1-0

[Event "FIDE World Rapid 2014"]
[Site "Dubai UAE"]
[Date "2014.06.17"]
[Round "6.27"]
[White "Mamedyarov,S"]
[Black "Najer,E"]
[Result "0-1"]
[WhiteElo "2743"]
[BlackElo "2653"]

1.d4 d5 2.c4 c6 3.Nf3 Nf6 4.Nbd2 g6 5.b3 Bg7 6.Bb2 Ne4 7.e3 Bg4 8.Be2 Nxd2
9.Nxd2 Bxe2 10.Qxe2 O-O 11.cxd5 cxd5 12.h4 h6 13.h5 g5 14.f4 e6 15.fxg5 Qxg5
16.g4 f5 17.Ba3 Rc8 18.gxf5 Rc3 19.Rh3 Nc6 20.Rf3 exf5 21.Bd6 Re8 22.Bf4 Qxh5
23.Qg2 Nxd4 24.Rh3 Qg4 25.Kf2 Qxg2+ 26.Kxg2 Nc2 27.Rg1 Nxe3+ 28.Kh1 Ng4 29.Rh5 Rf8
30.Nf1 Rf3 31.Bd6 Rf6 32.Bb8 a6 33.Ng3 Kh7 34.Ne2 Rg6 35.Bg3 Rg5 36.Rh4 Bf6
37.Kg2 Re3 38.Kf1 Rf3+ 39.Ke1 Ne5 40.Rgh1 Rg6 41.Rh5 Nd3+ 42.Kd2 Bg5+ 43.Kc2 Nf2
44.Rf1 Rc6+ 45.Kb1 Ne4 46.Rd1 Nxg3  0-1

[Event "FIDE World Rapid 2014"]
[Site "Dubai UAE"]
[Date "2014.06.17"]
[Round "7.37"]
[White "Antipov,M2"]
[Black "Mamedyarov,S"]
[Result "1/2-1/2"]
[WhiteElo "2502"]
[BlackElo "2743"]

1.e4 c6 2.d4 d5 3.e5 Bf5 4.Nd2 e6 5.Nb3 Nd7 6.Nf3 Ne7 7.Be2 h6 8.O-O g5 9.Ne1 c5
10.Nxc5 Nxc5 11.dxc5 Nc6 12.Bd3 Bxc5 13.Bxf5 exf5 14.Nd3 Bb6 15.Qh5 Qe7 16.e6 O-O-O
17.Qxf7 Qxf7 18.exf7 Rhf8 19.Be3 Bxe3 20.fxe3 Rxf7 21.Rf3 d4 22.e4 f4 23.g3 Re8
24.Re1 Ne5 25.Nxe5 Rxe5 26.Re2 Kc7 27.Kg2 Rb5 28.gxf4 Rxf4 29.Rxf4 gxf4 30.c3 dxc3
31.bxc3 Kd6 32.Kf3 Ke5 33.Rd2 Rc5 34.c4 Rxc4 35.Rd5+ Ke6 36.Rh5 Ra4 37.Kxf4 Rxa2
38.Rxh6+ Kd7 39.e5 a5 40.Rh7+ Kc6 41.Rh6+ Kc5 42.e6 Kd6 43.e7+ Kxe7 44.Rh7+ Kd6
45.Rxb7 Rxh2 46.Ra7 Ra2 47.Ke3 Kc5 48.Kd3 Kb4 49.Rb7+ Ka3 50.Kc3 a4 51.Ra7 Rh2
52.Ra8 Rh1 53.Kc2 Ra1 54.Ra7 Rh1 55.Ra8 Ra1 56.Ra7 Rh1  1/2-1/2

[Event "FIDE World Rapid 2014"]
[Site "Dubai UAE"]
[Date "2014.06.17"]
[Round "8.33"]
[White "Vakhidov,J"]
[Black "Mamedyarov,S"]
[Result "0-1"]
[WhiteElo "2471"]
[BlackElo "2743"]

1.Nf3 g6 2.d4 Bg7 3.e3 d6 4.Be2 f5 5.c4 Nf6 6.Nc3 O-O 7.O-O Nbd7 8.Ng5 Nb6
9.c5 Nbd5 10.Nxd5 Nxd5 11.e4 fxe4 12.Bg4 Bf5 13.Qb3 dxc5 14.Qh3 h5 15.Bxf5 Rxf5
16.dxc5 Nf6 17.Be3 Qd5 18.Rad1 Qxa2 19.Qg3 Ng4 20.Nxe4 Qxb2 21.Qxc7 Qe5 22.Qxe5 Rxe5
23.Rd4 Nxe3 24.fxe3 Re6 25.Ra4 Bh6 26.Re1 Rf8 27.g3 Rf5 28.Kg2 Rfe5 29.Nf2 Rxe3
30.Rxe3 Bxe3 31.Ne4 b6 32.Kf3 Bxc5 33.Rxa7 Re5 34.h4 Kf7 35.Ng5+ Ke8 36.Ne4 Kd8
37.g4 hxg4+ 38.Kf4 Bd6 39.Nxd6 exd6 40.Rg7 Re6 41.Kxg4 d5 42.h5 gxh5+ 43.Kf5 Re7
44.Rg5 Kc7 45.Kf6 Kd6  0-1

[Event "FIDE World Rapid 2014"]
[Site "Dubai UAE"]
[Date "2014.06.17"]
[Round "10.17"]
[White "Mamedyarov,S"]
[Black "Safarli,E"]
[Result "1-0"]
[WhiteElo "2743"]
[BlackElo "2649"]

1.d4 Nf6 2.Nc3 d5 3.Bg5 Nbd7 4.Nf3 c6 5.Qd3 b5 6.a3 e6 7.e4 dxe4 8.Nxe4 Be7
9.Nxf6+ Bxf6 10.h4 Bb7 11.Qe3 h6 12.Bf4 Nb6 13.Bd3 Nd5 14.Qd2 Nxf4 15.Qxf4 Qe7
16.O-O-O O-O-O 17.Qe3 a6 18.Be4 Kb8 19.Rd3 c5 20.Qf4+ Qc7 21.Qxc7+ Kxc7 22.Bxb7 Kxb7
23.dxc5 Rxd3 24.cxd3 Rd8 25.Rd1 g5 26.hxg5 hxg5 27.d4 Kc6 28.b4 Rh8 29.Kd2 g4
30.Ne5+ Bxe5 31.dxe5 Rh5 32.Kc3 Rf5 33.Rd6+ Kb7 34.Rd7+ Kc6 35.Rd6+ Kb7 36.Rd4 Rxf2
37.Rxg4 Rf5 38.Re4 Rf2 39.g4 Rf3+ 40.Kb2 Rf2+ 41.Kc1 Kc7 42.Rd4 Rf3 43.Kb2 Rf2+
44.Kc3 Ra2 45.Kb3 Re2 46.Rf4 Rxe5 47.Rxf7+ Kc6 48.Ra7 Re3+ 49.Kb2 Re2+ 50.Kc3 Re3+
51.Kb2 Re2+ 52.Kc1 Kd5 53.Rxa6 Kc4 54.Kd1 Re4 55.g5 Rg4 56.Rxe6 Rxg5 57.Re3 Rg2
58.c6 Rg6 59.c7 Rc6 60.Kd2 Kd5  1-0

[Event "FIDE World Rapid 2014"]
[Site "Dubai UAE"]
[Date "2014.06.18"]
[Round "11.9"]
[White "Naiditsch,A"]
[Black "Mamedyarov,S"]
[Result "1/2-1/2"]
[WhiteElo "2705"]
[BlackElo "2743"]

1.e4 d6 2.d4 Nf6 3.Nc3 c6 4.Nf3 Bg4 5.Be2 Nbd7 6.O-O e6 7.Be3 Be7 8.h3 Bh5
9.a4 O-O 10.Nd2 Bxe2 11.Nxe2 c5 12.c3 Rc8 13.Qb3 Qc7 14.f3 Rfd8 15.a5 Qc6
16.Rfc1 h6 17.c4 Qa6 18.Nc3 d5 19.exd5 cxd4 20.Bxd4 Bc5 21.Bxc5 Nxc5 22.Qc2 exd5
23.Nxd5 Nxd5 24.cxd5 Rxd5 25.Ne4 Rc6 26.Nxc5 Rdxc5 27.Qxc5 Rxc5 28.Rxc5 Qe2
29.Kh1 Qxb2 30.Rcc1 f6 31.Rab1 Qd2 32.Rc5 Kh7 33.Rcb5 a6 34.Rc5 Kg6 35.Rbc1 h5
36.Kh2 Qd6+ 37.Kh1 Qd2 38.Kh2 Qd6+ 39.Kh1 Qd2 40.Kh2  1/2-1/2

[Event "FIDE World Rapid 2014"]
[Site "Dubai UAE"]
[Date "2014.06.18"]
[Round "12.12"]
[White "Mamedyarov,S"]
[Black "Fressinet,L"]
[Result "0-1"]
[WhiteElo "2743"]
[BlackElo "2717"]

1.e4 e5 2.Nc3 Nf6 3.g3 d5 4.exd5 Nxd5 5.Bg2 Nxc3 6.bxc3 Nc6 7.d3 Be6 8.Nf3 Qd7
9.Rb1 Bc5 10.Qe2 f6 11.d4 Bb6 12.dxe5 O-O-O 13.O-O Bxa2 14.Ra1 Qf7 15.Re1 Rhe8
16.Qe4 Bd5 17.Qf5+ Kb8 18.Bf4 fxe5 19.Qxf7 Bxf7 20.Nxe5 Nxe5 21.Rxe5 Rxe5
22.Bxe5 Rd2 23.Bxg7 Bxf2+ 24.Kh1 Rxc2 25.Rd1 a5 26.Be4 Re2 27.Bxh7 Bb3 28.Rd8+ Ka7
29.Bd3 Rd2 30.Bh6 Rd1+ 31.Kg2 Bb6 32.h4 a4 33.Bg7 c6 34.Rd7 Bd5+  0-1

[Event "FIDE World Rapid 2014"]
[Site "Dubai UAE"]
[Date "2014.06.18"]
[Round "13.21"]
[White "Wojtaszek,R"]
[Black "Mamedyarov,S"]
[Result "1/2-1/2"]
[WhiteElo "2715"]
[BlackElo "2743"]

1.d4 d6 2.Nf3 Nf6 3.c4 Bg4 4.Nc3 Bxf3 5.exf3 g6 6.f4 Bg7 7.Be2 c6 8.d5 cxd5
9.cxd5 O-O 10.Be3 Nbd7 11.O-O Qa5 12.a3 Rfc8 13.h4 Rxc3 14.Bd2 Nxd5 15.Bf3 Nxf4
16.bxc3 Ne6 17.Rb1 Nb6 18.Bxb7 Rb8 19.Bf3 Bxc3 20.Bxc3 Qxc3 21.Re1 Qf6 22.a4 Rc8
23.a5 Nd7 24.Bg4 Ndc5 25.g3 Rc7 26.Rb8+ Kg7 27.Qd5 Nd7 28.Rb3 Nd4 29.Rd3 Nc2
30.Re4 Rc5 31.Qa2 Ne5 32.Rd2 Nxg4 33.Rxg4 Qe6 34.Qxe6 fxe6 35.Re4 e5 36.f4 Nd4
37.Rdxd4 exd4 38.Rxe7+ Kf6 39.Rxa7 Kf5 40.Kf2 Rc2+ 41.Kf3 Rc3+ 42.Kf2 Rc2+
43.Kf3 Rc3+ 44.Kf2 h5 45.a6 Rc2+ 46.Kf3 Rc3+ 47.Kf2 Ra3 48.Rf7+ Ke4 49.Re7+ Kd3
50.a7 Kc2 51.Rc7+ Kd2 52.g4 hxg4 53.f5 gxf5 54.h5 f4 55.h6 Ra2 56.h7 Kd3+
57.Kf1 Ra1+ 58.Kf2 Ra2+ 59.Kf1 Ra1+  1/2-1/2

[Event "FIDE World Rapid 2014"]
[Site "Dubai UAE"]
[Date "2014.06.18"]
[Round "14.19"]
[White "Mamedyarov,S"]
[Black "Iturrizaga,E"]
[Result "0-1"]
[WhiteElo "2743"]
[BlackElo "2653"]

1.d4 Nf6 2.Bg5 c5 3.d5 Qb6 4.Nc3 d6 5.e4 Nbd7 6.Qd2 g6 7.O-O-O Bg7 8.f3 a6
9.Bh6 Bxh6 10.Qxh6 Qa5 11.f4 b5 12.e5 dxe5 13.fxe5 Nxe5 14.Re1 Qc7 15.h3 b4
16.Ne4 Bb7 17.d6 Qa5 18.Nf3 Nxe4 19.Nxe5 Qxa2 20.Rxe4 Bxe4 21.Qh4 O-O-O 22.Qxe4 Qa1+
23.Kd2 Rxd6+ 24.Ke3 Qe1+ 25.Be2 Qxh1 26.Qa8+ Kc7 27.Qa7+ Kc8 28.Bxa6+ Rxa6
29.Qxa6+ Kb8 30.Qb5+ Ka8 31.Qc6+ Ka7 32.Qc7+ Ka8 33.Qc6+ Ka7 34.Qxc5+ Ka8
35.Qa5+ Kb7 36.Qxb4+ Ka8 37.Qa5+ Kb7 38.Qd5+ Ka6 39.Kf2 Qc1 40.Qc4+ Kb7 41.Qb3+ Ka8
42.Qa4+ Kb8 43.Qb4+ Ka8 44.Qa4+ Kb8 45.Qb5+ Ka8 46.Qc6+ Ka7 47.Qc5+ Ka8 48.Qa3+ Kb8
49.Qb3+ Ka8 50.Qd5+ Kb8 51.Qb5+ Ka8 52.Qc6+ Ka7 53.Qc7+ Ka8 54.Qa5+ Kb7 55.Qb4+ Ka8
56.Qa3+ Kb8 57.Qb3+ Ka8 58.Qd5+ Kb8 59.Qb5+ Ka8 60.Qc6+ Ka7 61.Qc7+ Ka8 62.Nd7 Qd2+
63.Kf1 Qd1+ 64.Kf2 Qd2+ 65.Kf3 Qd5+ 66.Ke3 Qb7 67.Qa5+ Qa7+ 68.Qxa7+ Kxa7
69.c4 f6 70.b4 Rd8 71.Nc5 e5 72.Ne6 Rd7 73.Ke4 Rd6 74.Nf8 Rd4+  0-1

[Event "FIDE World Rapid 2014"]
[Site "Dubai UAE"]
[Date "2014.06.18"]
[Round "15.26"]
[White "Volokitin,And"]
[Black "Mamedyarov,S"]
[Result "1/2-1/2"]
[WhiteElo "2638"]
[BlackElo "2743"]

1.e4 d6 2.d4 Nf6 3.Nc3 c6 4.f4 Qa5 5.Bd3 e5 6.Nf3 Bg4 7.Be3 Nbd7 8.O-O Be7
9.h3 Bxf3 10.Qxf3 exd4 11.Bxd4 Bd8 12.Ne2 Bb6 13.c3 O-O 14.Kh1 Rfe8 15.Ng3 Re6
16.a4 Bxd4 17.cxd4 Qb4 18.e5 Nd5 19.Nf5 Rf8 20.Be4 dxe5 21.fxe5 g6 22.Bxd5 cxd5
23.Qxd5 Nxe5 24.Nh6+ Kg7 25.dxe5 Kxh6 26.Rxf7 Qxb2 27.Rd1 Rxf7 28.Qxe6 Rf5
29.Qe7 Qxe5 30.Qxb7 Qe2 31.Rg1 a5 32.Qd7 Qe4 33.Qd2+ Qf4 34.Qd7 Qe4 35.Qd2+ Qf4
36.Qd7 Qe3 37.Rb1 Rc5 38.Qd6 Rf5 39.Qd7 Rf2 40.Qg4 Qf4 41.Qxf4+ Rxf4 42.Ra1 Kg5
43.Kh2 h5 44.g3 Rb4 45.Kg2 Kf5 46.Ra2 g5 47.Rc2 Rxa4 48.Rc5+ Kf6 49.Rc6+ Kf7
50.Rc5 Ra2+ 51.Kf3 Ra3+ 52.Kf2 h4 53.Rxg5 hxg3+ 54.Kg2 Kf6 55.h4 a4 56.Ra5 Kg6
57.Rg5+ Kh7 58.Rh5+ Kg7 59.Rg5+ Kh6 60.Ra5 Kg6 61.Rg5+ Kh6 62.Ra5 Ra1 63.Kxg3 a3
64.Kg2 Kh7 65.h5 Kg7 66.Kg3 Kh7 67.Kg2 Kg7 68.Kg3 Kh7  1/2-1/2

[Event "FIDE World Blitz 2014"]
[Site "Dubai UAE"]
[Date "2014.06.19"]
[Round "1.7"]
[White "Mamedyarov,S"]
[Black "Vallejo Pons,F"]
[Result "1-0"]
[WhiteElo "2743"]
[BlackElo "2698"]

1.d4 d5 2.c4 e6 3.Nc3 Bb4 4.Nf3 Nf6 5.Bg5 dxc4 6.e4 h6 7.Bxf6 Qxf6 8.Bxc4 c5
9.e5 Qd8 10.O-O O-O 11.Ne4 cxd4 12.Qe2 Qb6 13.Bd3 Rd8 14.Ng3 Bd7 15.Qe4 g6
16.Qg4 Be8 17.h4 Nd7 18.h5 Nf8 19.Nh4 Kh7 20.f4 Be7 21.f5 exf5 22.Ngxf5 Bg5
23.hxg6+ Nxg6 24.Nxh6 Bxh6 25.Rf6 Be3+ 26.Kh1 Qc7 27.Raf1 Qxe5 28.Rxf7+ Bxf7
29.Rxf7+ Kh8 30.Nxg6+  1-0

[Event "FIDE World Blitz 2014"]
[Site "Dubai UAE"]
[Date "2014.06.19"]
[Round "2.5"]
[White "Safarli,E"]
[Black "Mamedyarov,S"]
[Result "0-1"]
[WhiteElo "2649"]
[BlackElo "2743"]

1.e4 d6 2.d4 Nf6 3.Nc3 c6 4.g3 b5 5.Bg2 Bb7 6.e5 dxe5 7.dxe5 Qxd1+ 8.Nxd1 Nd5
9.e6 fxe6 10.b3 Nd7 11.Bb2 e5 12.Nf3 e6 13.Nxe5 Bb4+ 14.Ke2 Nxe5 15.Bxe5 O-O
16.a3 Ba5 17.Ne3 c5 18.c4 bxc4 19.Nxc4 Bc3 20.Rac1 Bxe5 21.Nxe5 Rf5 22.Nd7 Ba6+
23.Ke1 Rd8 24.Nxc5 Re5+ 25.Be4 Nf6 26.f3 Rc8 27.b4 Nxe4 28.fxe4 Rxe4+ 29.Kd2 Rd8+
30.Kc2 Re2+ 31.Kb1 Rdd2 32.Rce1 Rb2+ 33.Ka1 Ra2+ 34.Kb1 Reb2+ 35.Kc1 Bc4
36.Rd1 h6 37.Rhe1 Rxh2 38.Kb1 Rxa3 39.Rd4 Ba2+ 40.Kc1 Bd5 41.Kb1 Rxg3 42.b5 Rc3  0-1